000
00315nam a2200133 i 4500
001
bg
100
1
_a
LAMBERT, R.
245
0
_a
L'organisation scientifique dans lindustrie /
_c
R. Lambert.
260
_a
Paris,
_c
1964.
040
_c
BPK
041
_a
pol
942
_c
KS
008
s pl f |000 0 pol
999
_c
15919
_d
15919